00000000nam 2200000zi 4500
0019.947226
003CaOODSP
00520250324131008
006m     o  d f      
007cr bn|||||||||
008250121e199209  onc     o    f000 0 fre d
040 |aCaOODSP|bfre|erda|cCaOODSP
0861 |aCo24-3/12-5-1992F-PDF
24500|aÉvaluation des initiatives de commercialisation et de recherche et développement internationales : |brapport final.
24634|aInitiatives de commercialisation et de recherche et développement internationales : |brapport d'évaluation
264 1|a[Ottawa] : |bGouvernement du Canada, Ministère des Communications = Government of Canada, Department of Communications, |cseptembre 1992.
300 |a1 ressource en ligne (vii, 31 pages).
336 |atexte|btxt|2rdacontent/fre
337 |ainformatique|bc|2rdamedia/fre
338 |aressource en ligne|bcr|2rdacarrier/fre
4901 |aRapport d'évaluation ; |v[5]
500 |aÉdition numérisée de l'imprimé [par Innovation, sciences et développement économique Canada].
500 |aPublié aussi en anglais sous le titre : Evaluation of international marketing and international research and development : final report.
61016|aCanada. |bMinistère des communications|xÉvaluation.
650 6|aMarketing international|zCanada.
650 6|aProjets de recherche et de développement|zCanada.
7101 |aCanada. |bMinistère des communications, |eorganisme de publication.
77508|tEvaluation of international marketing and international research and development : |w(CaOODSP)9.947225
830#0|aRapport d'évaluation ;|v[5]|w(CaOODSP)9.947044
85640|qPDF|s953 Ko|uhttps://publications.gc.ca/collections/collection_2025/isde-ised/co24/Co24-3-12-5-1992-fra.pdf